Xin Shi Ji Sanwen Jia (12) : Cai Shi Ping Jing Xuan Ji (Record no. 1319196)

MARC details
000 -LEADER
fixed length control field 00712nam a2200229Ia 4500
005 - DATE AND TIME OF LATEST TRANSACTION
control field 20250507130344.0
008 - FIXED-LENGTH DATA ELEMENTS--GENERAL INFORMATION
fixed length control field 008 250505s9999 xx 000 0 chi d
020 ## - INTERNATIONAL STANDARD BOOK NUMBER
International Standard Book Number 9789574441044
037 ## - SOURCE OF ACQUISITION
Stock number Annuals, Advances
040 ## - CATALOGING SOURCE
Original cataloging agency EASL
Language of cataloging eng
Transcribing agency EASL
041 ## - LANGUAGE CODE
Language code of text/sound track or separate title chi
Source of code eng
084 ## - COLON CLASSIFICATION NUMBER
Classification number O4295,4NCA, 41P5
Assigning agency EASL
100 ## - MAIN ENTRY--PERSONAL NAME
Personal name Cai Shi Ping Au.
9 (RLIN) 665224
245 #0 - TITLE STATEMENT
Title Xin Shi Ji Sanwen Jia (12) : Cai Shi Ping Jing Xuan Ji
260 ## - PUBLICATION, DISTRIBUTION, ETC.
Place of publication, distribution, etc. China
Name of publisher, distributor, etc. Taibei Jiu ge chu ban she you xian gongsi Taiwan
Date of publication, distribution, etc. 2005
300 ## - PHYSICAL DESCRIPTION
Extent 318p.
365 ## - TRADE PRICE
Price type code Yu
Price amount 290.00
650 ## - SUBJECT ADDED ENTRY--TOPICAL TERM
Topical term or geographic name entry element CL
9 (RLIN) 642733
700 ## - ADDED ENTRY--PERSONAL NAME
Personal name Chen Yi Zhi Co.
9 (RLIN) 665225
942 ## - ADDED ENTRY ELEMENTS (KOHA)
Koha item type Textual
Classification part O4295,4NCA, 41P5

No items available.

Copyright @ Delhi University Library System